Normal view
MARC view
- Waleed Bin Khalid
Entry Personal Name
001 - CONTROL NUMBER
- control field: 93575
003 - CONTROL NUMBER IDENTIFIER
- control field: NUST
005 - DATE AND TIME OF LATEST TRANSACTION
- control field: 20220714174727.0
008 - FIXED-LENGTH DATA ELEMENTS
- fixed length control field: 220714|| aca||aabn | a|a d
040 ## - CATALOGING SOURCE
- Original cataloging agency: NUST
- Transcribing agency: NUST
100 ## - HEADING--PERSONAL NAME
- Personal name: Waleed Bin Khalid
670 ## - SOURCE DATA FOUND
- Source citation: Work cat.: (NUST)11280: Waleed Bin Khalid, Analysis and filtering of physiological tremor in surgical robotics, 2012
